True or False: 15 Categories II Quiz Stats

Quiz Updated Oct 5, 2015

Challenge
Share
Tweet
Embed
Score 0/15 Timer 05:00
4 Plays Today
Statement 'T' or 'F' % Correct
Music
'Stand By Me' was originally performed by Ben E. King.
???
74.7%
Just For Fun
Viridian is a shade of green.
???
73.3%
Science
Bromine is a halogen element.
???
72.8%
Sports
There are 30 Major League Soccer teams in the US.
???
72.3%
History
Nicholas II was the Tsar of Russia when World War I began.
???
72.1%
Television
The phrase 'Yada Yada Yada' was made popular by the show 'The Flintstones'.
???
69.2%
Entertainment
Les Misérables is the longest-running Broadway show of all time.
???
68%
Holiday
Columbus Day is the only US federal holiday in October.
???
67.6%
Statement 'T' or 'F' % Correct
Geography
The capital of Nauru is Nauru City.
???
65.9%
Religion
The Book of Obadiah is in the Old Testament.
???
63.9%
Miscellaneous
The 'b' in the Mobil logo is blue.
???
63.2%
Literature
Harry Potter and the Order of the Phoenix is the longest book in the series.
???
51.7%
Movies
2014 was the first year without a new Pixar film since 2001.
???
43%
Gaming
2015 marked the 25th anniversary of the Super Mario Bros. game for the NES.
???
33.9%
Language
'Month' is the only English word ending in 'onth'.
???
27.4%

You're not logged in!

Compare scores with friends on all Sporcle quizzes.
Sign Up with Email
OR
Log In

You Might Also Like...

Show Comments

Extras

Top Quizzes Today


Score Distribution

Your Account Isn't Verified!

In order to create a playlist on Sporcle, you need to verify the email address you used during registration. Go to your Sporcle Settings to finish the process.